000 00462nam a2200181Ia 4500
001 43229
008 140425s9999 xx 000 0 und d
020 _aNA
040 _cPK-LaUMT
082 _aRHC 891.4393
_bYAQ-A
100 _aYaqoob Shah Garsheen
245 _aAakhri aansu (Urdu)
_cYaqoob Shah Garsheen
260 _aQueta,Pakistan:
_bQallat Publishers,
_c2003
300 _a126 p.
546 _aUR
650 _aPakistani literature-Urdu
942 _cBK
999 _c41239
_d41239